00789ngm a22001937a 450000500170000000800410001704000270005804100080008504400070009308200240010011000340012424501070015826000420026530000240030750501830033165000130051465000550052766200130058220150825170901.0150825b2010 ck ||||| |||| q0| vcspa d aCO-BoIAVH cCO-BoIAVH  aspa ack aIAVH-333.72 bC833p aInstituto Humboldt, Ecopetrol aMagdalena medio y LLanos orientalesbProyecto: Planeación para la Conservación de la Biodiversidad aColombia:bInstituto Humboldt,c2011. a23 minbDVDc18 cm. aPetroleo y biodiversidad un espacio en Fima. 5:00 Min Tras la búsqueda de los ODC. 11:30 min. La Orinoquia y el Magdalena Medio: tierras para una mirada singular. 5:28 min  aPetroleo aBiodiversidadzMagdalena medio y Llanos orientales aColombia